Statistics for Manchester United EPL Goalscorers

Click here to take the quiz!

General Stats

  • This quiz has been taken 586 times
    (420 since last reset)
  • The average score is 65 of 109

Answer Stats

HintAnswer% Correct
Portugese #7Cristiano Ronaldo
95%
Welsh #11Ryan Giggs
94%
English #10Wayne Rooney
93%
Serbian #15Nemanja Vidic
88%
English #18Paul Scholes
88%
English #19Marcus Rashford
86%
French #6Paul Pogba
86%
French #11Anthony Martial
85%
Dutch #20Robin van Persie
85%
Swedish #9Zlatan Ibrahimovic
85%
English #9Andrew Cole
84%
South Korean #13Park Ji-Sung
84%
Irish #16Roy Keane
84%
Bulgarian #9Dimitar Berbatov
83%
Spanish #8Juan Mata
83%
Portugese #17Nani
83%
Belgian #9Romelu Lukaku
82%
English #7David Beckham
81%
English #2Gary Neville
81%
Mexican #14Javier Hernandez
81%
Serbian #31Nemanja Matic
81%
English #12Phil Neville
81%
English #5Rio Ferdinand
81%
Ecuadorian #25Antonio Valencia
80%
Tobagonian #19Dwight Yorke
80%
French #7Eric Cantona
80%
Dutch #10Ruud van Nistelrooy
80%
Norwegian #20Ole Gunnar Solskjaer
79%
Chilean #7Alexis Sanchez
78%
French #3Patrice Evra
77%
Argentinian #7Angel Di Maria
75%
Argentinian #32Carlos Tevez
74%
English #4Phil Jones
74%
Japanese #26Shinji Kagawa
74%
Brazilian #8Anderson
73%
Scottish #39Scott McTominay
73%
English #8Nicky Butt
72%
Brazilian #17Fred
71%
Northern Irish #6Jonny Evans
70%
Swedish #2Victor Lindelof
70%
Ivorian #3Eric Bailly
69%
Irish #3Denis Irwin
68%
Uruguayan #21Diego Forlan
68%
English #14Jesse Lingard
68%
Colombian #9Radamel Falcao
68%
English #23Luke Shaw
67%
Belgian #27Marouane Fellaini
67%
English #16Michael Carrick
67%
Scottish #24Darren Fletcher
66%
Brazilian #21Rafael Da Silva
66%
English #12Chris Smalling
65%
Dutch #17Daley Blind
65%
Dutch #6Jaap Stam
65%
Irish #22John O'Shea
65%
Argentinian #5Marcos Rojo
65%
Dutch #7Memphis Depay
65%
Spanish #21Ander Herrera
63%
German #31Bastian Schweinsteiger
63%
Argentinian #4Juan Sebastian Veron
62%
Welsh #10Mark Hughes
61%
English #10Teddy Sheringham
61%
Brazilian #20Fabio Da Silva
60%
Italian #36Matteo Darmian
60%
Armenian #22Henrikh Mkhitaryan
59%
English #7Michael Owen
59%
Italian #27Federico Macheda
58%
English #18Ashley Young
57%
French #9Louis Saha
57%
English #4Steve Bruce
57%
Argentinian #4Gabriel Heinze
55%
Swedish #17Henrik Larsson
54%
English #6Wes Brown
51%
Russian #14Andrei Kanchelskis
50%
Belgian #44Adnan Januzaj
49%
French #5Laurent Blanc
49%
English #19Danny Welbeck
48%
English #6Gary Pallister
48%
South African #25Quinton Fortune
46%
English #14Alan Smith
45%
French #27Mikael Silvestre
45%
Brazilian #15Andreas Pereira
43%
English #8Paul Ince
43%
Norwegian #5Ronny Johnsen
43%
Brazilian #15Kleberson
41%
English #49James Wilson
40%
Scottish #9Brian McClair
39%
French #28Morgan Schneiderlin
39%
English #12Bryan Robson
38%
Dutch #28Alexander Buttner
37%
Swedish #15Jesper Blomqvist
37%
English #4Owen Hargreaves
37%
English #12David May
35%
Italian #42Giusseppe Rossi
35%
English #5Lee Sharpe
35%
Irish #28Darron Gibson
34%
Dutch #14Jordi Cruyff
34%
Czech #15Karel Poborsky
34%
Norwegian #21Henning Berg
33%
Senegalese #32Mame Biram Diouf
33%
English #23Tom Cleverley
32%
English #2Paul Parker
31%
French #12David Bellion
23%
English #20Dion Dublin
22%
English #22Nick Powell
22%
Northern Irish #31Keith Gillespie
21%
English #46Josh Harrop
16%
English #23Kieran Richardson
16%
English #33Chris Eagles
15%
English #15Luke Chadwick
12%

Score Distribution

Percentile by Number Answered

Percent of People with Each Score

Your Score History

You have not taken this quiz since the last reset